000 00320nam a2200121Ia 4500
008 220204s9999 xx 000 0 und d
082 _a621.38
_bTRI
100 _aTriebel, Walter A
245 0 _aIntegrated digital electronics
260 _aNew Jersey
_bPrentice Hall
_c1979
650 _aDigital electronics
942 _cBK
999 _c33099
_d33099